Dans quelle ville suis-je ? - Statistiques

Statistiques générales
  • Ce quiz a été pris 143 fois
  • Le résultat moyen est 8 sur 16
Statistiques - réponses
Par images Réponse % Correct
Paris
97%
Rio de Janeiro
96%
Los Angeles
91%
San Francisco
88%
Washington
75%
Gizeh
49%
Bordeaux
46%
Florence
46%
Budapest
43%
Lisbonne
42%
Bangkok
34%
Saint-Pétersbourg
34%
Chicago
28%
Taipei
28%
Lhassa
21%
Noursoultan
5%
Aucun quiz correspondant
Distribution des résultats
% des personnes avec chaque résultat
Percentile par nombre de réponses
Votre historique - résultats
Vous n’avez pas pris ce quiz